000 00472nam a2200169Ia 4500
001 17991
008 140405s9999 xx 000 0 und d
020 _a0-517-70866-3
040 _cPK-LaUMT
082 _a 616.8527
_bSHE-H
100 _aAnne Sheffield
245 _aHow you can survive when they're depressed:
_bLiving and coping with depression fallout.
_cAnne Sheffield
260 _aNew York,USA:
_bHarmony,
_c1998
300 _a306 p.
546 _aEN
942 _cBK
999 _c18393
_d18393